Problémy obecných valcových šnekových prevodov. Rezortná vedecko-výskumná úloha 13'O5 m. Záv. správa. /
Guardado en:
| Autor principal: | |
|---|---|
| Formato: | Manuscrito Libro |
| Publicado: |
Košice :
Vysoká škola technická v Košiciach,
1967
|
| Etiquetas: |
Sin Etiquetas, Sea el primero en etiquetar este registro!
|
MARC
| LEADER | 00000ntm a22000003a 4500 | ||
|---|---|---|---|
| 001 | stu47438 | ||
| 005 | 20150617225711.9 | ||
| 008 | ------s1967----cs----------------------d | ||
| 040 | |a STU |b slo | ||
| 041 | 0 | ||
| 044 | |a cs | ||
| 080 | |a 621.833.38 | ||
| 100 | 1 | |a Pažák, Alojz |4 aut | |
| 245 | 1 | |a Problémy obecných valcových šnekových prevodov. Rezortná vedecko-výskumná úloha 13'O5 m. Záv. správa. / |c [aut.] mPažák,Alojz | |
| 260 | |a Košice : |b Vysoká škola technická v Košiciach, |c 1967 | ||
| 996 | |b J27191 |c J*27191/DIZ. |l JJSK |s A |a 24 |w stu47438_0001 | ||